[Event "NED-ch51"]
[Site "Amsterdam"]
[Date "1996.06.18"]
[Round "10"]
[White "Sokolov, Ivan"]
[Black "Sosonko, Gennadi"]
[Result "1-0"]
[WhiteElo "2665"]
[BlackElo "2515"]
[Annotator "Ftacnik,L"]
[PlyCount "115"]
[EventDate "1996.06.07"]
[EventType "tourn"]
[EventRounds "11"]
[EventCountry "NED"]
[EventCategory "11"]
[SourceTitle "CBM 054"]
[Source "ChessBase"]
[SourceDate "1996.10.01"]
[SourceVersion "1"]
[SourceVersionDate "1996.10.01"]
[SourceQuality "1"]

1. d4 {Bykhovsky,Av} Nf6 2. c4 e6 3. Nf3 d5 4. Nc3 Bb4 5. cxd5 exd5 6. Bg5 Nbd7
7. e3 c5 8. Bd3 Qa5 9. Qc2 c4 10. Bf5 O-O 11. O-O Re8 12. Nd2 g6 13. Bxd7 (13.
Bh3 Bxc3 $1 14. bxc3 Ne4 15. Nxe4 dxe4 $10) 13... Nxd7 14. h4 Nb6 15. f3 Bxc3 (
15... f6 16. Bf4 (16. Bh6 $5 Bd7 17. h5 $36) 16... Bd7 17. a3 $142 (17. Rae1
Bxc3 (17... Ba4 $1 18. Qc1 Bc6 19. e4 Na4 $1 $132 {/\} 20. Re3 $140 $2 Qb6) 18.
bxc3 Na4 19. Nb1 f5 20. h5 $40) (17. e4 $6 Ba4 $1 18. Qc1 Bc6 19. Re1 (19. exd5
Bxc3 20. dxc6 Bxd4+ 21. Kh1 bxc6 22. Nxc4 Qh5 $10) (19. e5 $2 Na4 20. Nxa4 fxe5
$1 21. a3 Bxd2 22. Bxd2 Qxa4 23. dxe5 d4 $36) 19... Na4 $1 20. Nxa4 (20. exd5
$5 Rxe1+ 21. Qxe1 Bxd5 22. Nde4 Nxc3 23. bxc3 Be7 $10) 20... Qxa4 21. e5 Ba5 $1
22. exf6 Bb6 23. Qc3 Ba5 24. Qc1 Bb6 25. Qc3 Ba5 {1/2-1/2 Dautov,R-Lutz,C/BL
9192/1992/}) 17... Bxc3 18. bxc3 Ba4 19. Qc1 Bc6 20. Ra2 Re6 21. Re1 $14) (
15... Bd7 16. e4 (16. Rae1 Na4 17. Ndb1 Re6 18. e4 Nxc3 19. bxc3 Bf8 20. exd5
Qxd5 21. Rxe6 Qxe6 22. Nd2 f5 23. Qb1 Qd5 24. Re1 Re8 25. Rxe8 Bxe8 26. Qe1 {
Dizdar,G-Kovacevic,Vlad/Makarska/1993/0-1 (56)}) 16... Bc6 17. Rae1 Re6 18. e5
Bd7 19. g4 Rc6 20. Re2 Re8 21. Rg2 Nc8 22. f4 Ra6 23. Nf3 h5 24. f5 hxg4 25. e6
{1-0 Yrjola,J-Siklosi,Z/HUN-ch op Eger/1987 (34)}) (15... Bf8 16. e4 Bg7 17.
exd5 Bf5 18. Nde4 Nxd5 19. Qf2 Nxc3 20. bxc3 Qa6 21. Rae1 h6 22. Bf4 Rad8 23.
Re3 Qc6 24. Rfe1 {1/2-1/2 Ftacnik,L-Winants,L (03)/Tilburg1.29 (30')/1992/ (35)
}) 16. bxc3 Qa4 (16... Na4 17. Rac1 Bd7 18. e4 f5 19. Rfe1 Rac8 20. Nf1 dxe4
21. fxe4 fxe4 22. Rxe4 Bf5 23. Rxe8+ Rxe8 24. Qd2 Qb5 25. Ne3 $16 {Dautov,
R-Tischbierek,R/Bad Mergentheim/1991/}) (16... Bd7 17. e4 f5 18. Rfe1 $6 (18.
e5 $16) 18... Qa4 19. Qc1 dxe4 $1 20. fxe4 Qc6 21. e5 Nd5 $10 {Dautov,
R-Winants,L/Belgique/1992/}) 17. Qc1 $6 {Unfortunate novelty, since if black
manages to prevent the push e3-e4 he will have free hands with own initiative
on the queenside. N/} (17. Qb1 Qa3 18. Rc1 Bd7 19. e4 Rac8 20. Nf1 dxe4 21.
fxe4 f5 22. e5 Nd5 23. Qc2 f4 24. Qf2 b5 25. h5 Re6 26. Qf3 Bc6 27. Nd2 {
1-0 Pinter,J-Greenfeld,A/Beersheba/1991/ (51)}) 17... Bf5 $1 18. Re1 Qc6 (18...
Qc2 {Bykhovsky,Av} 19. e4 $14) (18... Bd3 $5 $10 {Bykhovsky,Av}) 19. Nf1 Na4
20. Ng3 Bd3 (20... Bd7 21. e4 $14) 21. Nh1 Kg7 22. Nf2 f6 23. Bf4 h6 (23... Bf5
24. e4 (24. g4 Bd3 25. Qd2 Rac8) 24... dxe4 25. g4 e3 26. Rxe3 Bd3 27. Qd2) 24.
Qa3 g5 25. hxg5 (25. Bg3 $5 $14 {Bykhovsky,Av}) 25... hxg5 26. Bg3 b5 27. e4
Kg6 {It was not even clear if white would have enough for the pawn, but black
can afford generosity. His pieces and the position are better.} (27... dxe4 $5
28. fxe4 Bxe4 29. Rxe4 Rxe4 30. Nxe4 Qxe4 31. Re1 Qd5 $13 (31... Qd3 {
Bykhovsky,Av} 32. Qe7+ $16)) 28. exd5 Qxd5 29. Ng4 Bf5 (29... a5 $5 $15) 30.
Ne3 Qd7 31. Rad1 a5 (31... Bd3 $5 32. d5 (32. Qc1 f5 33. f4 g4 34. a3 a5 35.
Qd2 b4) 32... f5 33. f4 (33. d6 $2 f4 34. Ng4 fxg3 35. Ne5+ Rxe5 36. Rxe5 Qh7
$19) 33... Re4 $1 $15) 32. d5 Bd3 33. Qc1 Rac8 $2 {White can not be grateful
enough for the time, that black decides to invest in him.} (33... f5 $1 34. f4
Re4 (34... Qg7 $1 35. fxg5 Nxc3 $19) 35. fxg5 Rae8 $15 (35... f4 36. Bxf4 Rxf4
37. Nxc4 Rxc4 38. Rxd3 $15)) (33... f5 $15) 34. d6 Rc5 (34... f5 35. Nd5 $1) (
34... Qc6 $15) 35. Ng4 Rcc8 36. Qd2 Rxe1+ (36... Nc5 37. Qf2) (36... Qb7 $5 $15
) 37. Rxe1 Re8 38. a3 Re6 (38... Nc5 39. Rxe8 Qxe8 40. Qf2 Nd7 $13) 39. Re3 Nc5
40. Qf2 Rxe3 41. Qxe3 Ne4 (41... Ne6 $5 42. Qe5 $4 Qa7+ $19) 42. Be5 $1 {
Only this small combination turnes the tables, white gets the initiative and
better prospects.} (42. fxe4 Qxg4 43. e5 Qd1+ $10) 42... f5 (42... Nxd6 $2 43.
Qd4 $18) 43. fxe4 fxg4 44. Qd4 g3 $1 (44... Kf7 45. Qd5+ Qe6 46. Qb7+ $18) 45.
Bxg3 Qg4 46. Qe3 (46. Kf2 Qe2+ 47. Kg1 Bxe4) 46... Qd1+ (46... Bxe4 $2 47. d7
Qd1+ 48. Qe1 Qc2 49. Bf2 Qd3 50. Bd4 $18) 47. Be1 Kf7 48. e5 Ke6 49. Kf2 Qg4
50. Bd2 Bf5 (50... Qf5+ 51. Kg3 g4 52. Qf4 $16) 51. Qa7 (51. Qxg5 Qxg5 52. Bxg5
Kxe5 53. Be7 $16) 51... Kxe5 (51... Be4 52. Qe7+ Kd5 53. Qxg5 $18) 52. Qe7+ Kd5
(52... Be6 53. d7 Qf5+ 54. Kg1 Qb1+ 55. Kh2 Qg6 56. d8=Q Qh5+ 57. Kg1 Qd1+ 58.
Kf2 $18) 53. Bxg5 Be6 {The defence is not easy, black has to be very careful.}
(53... Be4 54. Qb7+ Kc5 (54... Kxd6 $2 55. Be7+ $1 Ke5 (55... Ke6 56. Qc8+ $18)
56. Qc7+ Kf5 57. Qd7+ Kf4 58. Qd6+ Kf5 59. Qf6#) 55. Qc7+ Kd5 56. Qf7+ Kc6 (
56... Kxd6 57. Bf4+ Kc5 58. Qc7+ Kd5 59. Qd6#) (56... Qe6 57. Qb7+ Kxd6 58.
Bf4+ Kc5 59. Qc7+ Kd5 60. Qxa5 $18) 57. Qe8+ $1 Kxd6 58. Be7+ Kc7 59. Bd8+ Kd6
60. Qe7+ Kd5 61. Qb7+ Ke5 62. Qxb5+ $18) 54. Be3 Qf5+ 55. Kg1 Ke4 $6 (55... Bd7
56. Bb6 Qe6 57. Bc7 $16) 56. Bf2 Qd5 (56... Kd5 57. Qb7+ Ke5 (57... Kxd6 58.
Bg3+ Kc5 59. Qc7+ Kd5 60. Qd6+ Ke4 61. Qd4#) 58. Qg7+ Kxd6 59. Bg3+ $18) (56...
Kd3 $5 $14) 57. Qh7+ Bf5 (57... Qf5 58. Qa7 $16 (58. Qxf5+ $16)) 58. Qh5 {
Black might have lost on time, or he have simply missed the best defence in a
difficult position.} (58. Qh5 Qd2 $1 (58... Qxd6 $2 59. Qf3+ Ke5 60. Bg3+) (
58... Ke5 59. Bg3+ Kf6 60. Qh8+ $18) (58... Qd3 $13) 59. Qf3+ (59. Qe8+ Kf4 60.
Bd4 Kg4 61. Qg8+ Qg5) 59... Ke5 60. Bd4+ (60. g4 Qc1+ 61. Kh2 Qh6+ 62. Qh3
Qxh3+ 63. Kxh3 Bd7 64. Bg3+ $16) 60... Ke6 61. Qf1 Qd3 62. Qf4 Qb1+ 63. Kh2 Qe4
$14) 1-0

[Event "Correze m"]
[Site "Correze"]
[Date "1992.??.??"]
[Round "2"]
[White "Sokolov, Ivan"]
[Black "Lautier, Joel"]
[Result "1-0"]
[WhiteElo "2630"]
[BlackElo "2580"]
[Annotator "Ftacnik,L"]
[PlyCount "83"]
[EventDate "1992.03.??"]
[EventType "match"]
[EventRounds "6"]
[EventCountry "FRA"]
[SourceTitle "CBM 028"]
[Source "ChessBase"]
[SourceDate "1992.06.01"]
[SourceVersion "1"]
[SourceVersionDate "1992.06.01"]
[SourceQuality "1"]

1. d4 d5 2. c4 e6 3. Nf3 Nf6 4. Nc3 Bb4 5. Bg5 Nbd7 6. cxd5 exd5 7. e3 c5 8.
Bd3 c4 9. Bf5 Qa5 10. Qc2 O-O 11. O-O Re8 12. Nd2 g6 13. Bxd7 Nxd7 14. f3 Nb6
15. Bf4 {N} (15. Bh6 Bd7 16. Rae1 Bxc3 17. bxc3 Na4 18. Nb1 Re6 19. e4 Rae8 20.
Bd2 f5 21. exd5 Qxd5 $10 {Magai,A-Maximenko,A/URS-chT Azov/1991/}) 15... Bd7
16. e4 Bxc3 17. bxc3 Ba4 (17... Na4 18. Rac1 Re6 19. Rfe1 $14) 18. Qc1 (18. Qb2
$6 Bc6 19. e5 Na4) 18... Bc6 19. e5 Na4 20. Nb1 $8 Qb6 (20... b5 21. a3 Qb6 22.
Ra2 $14) 21. Rf2 {xb2} Bd7 22. Bg5 Bf5 23. Nd2 (23. Bf6 Bd3 24. Qh6 $2 Qxf6 25.
exf6 Re1+) 23... Bd3 (23... Qb2 $5 24. Qxb2 Nxb2 25. g4 $14 (25. Ne4 dxe4 26.
Rxb2 exf3 27. gxf3 b6 $14)) 24. Bf6 Qb2 (24... Qa5 $2 25. Ne4 $1 dxe4 26. Qh6
$18) 25. Qxb2 Nxb2 26. a4 b5 (26... Bf5 27. g4 Bd7 28. a5 $14) 27. axb5 Reb8
28. Nf1 Rxb5 29. Ne3 Rab8 (29... a5 30. Nxd5 Rxd5 31. Rxb2 $16) 30. Rxa7 Bf5
31. g4 (31. Nxf5 gxf5 32. h4 Nd3 33. Rc2 $16) 31... Bc8 32. f4 Nd3 33. Rf1 Bb7
34. f5 Ra8 (34... Rb3 35. e6 Rxc3 36. Rxb7 Rxb7 37. e7 Rb8 38. Nxd5 $18) 35.
Rxa8+ Bxa8 36. e6 fxe6 37. fxe6 h6 38. Be7 (38. e7 Bc6 $16) 38... Rb8 39. Bd6
Re8 40. e7 Kg7 41. Rf8 Bc6 42. Nxd5 {Ftacnik,L} 1-0

[Event "Ter Apel"]
[Site "Ter Apel"]
[Date "1992.??.??"]
[Round "5"]
[White "Epishin, Vladimir"]
[Black "Sosonko, Gennadi"]
[Result "1/2-1/2"]
[WhiteElo "2620"]
[BlackElo "2530"]
[Annotator "Ftacnik,L"]
[PlyCount "80"]
[EventDate "1992.03.??"]
[EventType "tourn"]
[EventRounds "5"]
[EventCountry "NED"]
[EventCategory "14"]
[SourceTitle "CBM 030"]
[Source "ChessBase"]
[SourceDate "1992.10.01"]
[SourceVersion "1"]
[SourceVersionDate "1992.10.01"]
[SourceQuality "1"]

1. d4 Nf6 2. c4 e6 3. Nf3 d5 4. Nc3 Bb4 5. cxd5 exd5 6. Bg5 h6 7. Bh4 g5 8. Bg3
Ne4 9. Nd2 Nxc3 10. bxc3 Bxc3 11. Rc1 Bb2 12. Rxc7 {N} (12. Bxc7 Qe7 13. Bd6 (
13. Rc2 Bxd4 14. Bxb8 Rxb8 15. e3 Bf5 16. Rc1 O-O 17. Be2 Bb2 18. O-O Bxc1 19.
Qxc1 Rbc8 $19 {Kortchnoi,V-Tal,M/SWIFT blitz/1987/}) 13... Qe6 14. Rc2 Bxd4 15.
Ba3 Nc6 16. e4 Bd7 17. Nb3 Bb6 {0,5/Miralles,G-Sosonko,G/Cannes tt/1990/})
12... Na6 (12... Nc6 13. e3 Ba3 14. Qh5 $40) 13. Rc2 Bxd4 14. e3 Bg7 (14... Qe7
15. Rxc8+ Rxc8 16. Qa4+ Kf8 17. Qxd4 Rc1+ 18. Ke2 Rg8 19. h4 $13) 15. Bxa6 bxa6
16. O-O Bd7 (16... O-O 17. Rc6 $5 $36) 17. Qf3 Bb5 18. Rd1 O-O 19. Nb3 Rc8 20.
Rxc8 (20. Rxd5 $2 Rxc2 $1 21. Rxd8 Rxd8 $17) 20... Qxc8 21. Qxd5 Qc2 22. Qd2
Qxd2 23. Rxd2 Rc8 24. h4 gxh4 25. Bxh4 Rc3 26. Bg3 Kh7 27. Kh2 Bc4 28. Rd6 (28.
Nd4 Ra3 $1) 28... Rc2 (28... Bxb3 29. axb3 Rxb3 30. Rxa6 Rb7 31. Bd6 $16) 29.
Nd4 Rxa2 30. Nf5 a5 31. Nxg7 Kxg7 32. Be5+ Kh7 33. Kg3 a4 34. e4 a3 35. Rd8 Re2
36. f3 (36. Rh8+ Kg6 37. Rg8+ Kh5 38. Kh3 Rxe4 39. g4+ $6 (39. f3 $5 Rh4+ 40.
Kg3 a2 $132) (39. f4 Re3+ 40. g3 Be6+ 41. Kh2 Rxe5 42. fxe5 a2 $19) 39... Rxg4
40. Rxg4 Be6 41. f3 a2 42. Bf6 Bxg4+ 43. fxg4+ Kg6 44. Bb2 f5 45. Kg3 Kg5 46.
gxf5 Kxf5 47. Kh4 Ke4 48. Kh5 Kd3 49. Kxh6 Kc2 $19) 36... f5 $1 37. Rd7+ Kg8
38. Rg7+ Kf8 39. Rc7 Bf7 40. Rxa7 fxe4 {Ftacnik,L} 1/2-1/2

[Event "Baden-Baden"]
[Site "Baden-Baden"]
[Date "1992.12.13"]
[Round "8"]
[White "Karpov, Anatoly"]
[Black "Lautier, Joel"]
[Result "1-0"]
[WhiteElo "2715"]
[BlackElo "2580"]
[Annotator "Ftacnik,L"]
[PlyCount "135"]
[EventDate "1992.12.??"]
[EventType "tourn"]
[EventRounds "11"]
[EventCountry "GER"]
[EventCategory "14"]
[SourceTitle "CBM 033"]
[Source "ChessBase"]
[SourceDate "1993.04.01"]
[SourceVersion "1"]
[SourceVersionDate "1993.04.01"]
[SourceQuality "1"]

1. d4 {Kortschnoj} d5 2. c4 e6 3. Nc3 Bb4 4. Nf3 Nf6 5. Qa4+ Nc6 6. Ne5 Bd7 7.
Nxd7 Qxd7 8. e3 Ne4 $6 (8... e5 $1 9. dxe5 d4 $1 (9... Ne4 10. Qc2 d4 11. a3
dxc3 12. axb4 Nxb4 13. Qxe4 O-O-O 14. Be2 cxb2 15. Bxb2 Qd2+ 16. Kf1 Qxb2 17.
Rb1 Qc3 18. g3 $14) 10. a3 Bxc3+ 11. bxc3 dxe3 12. Bxe3 (12. exf6 exf2+ 13.
Kxf2 Qf5+ 14. Ke1 O-O-O $44) 12... Ng4 13. Bd4 Ngxe5 14. f4 Nxd4 $1 15. Qxd7+
Kxd7 16. cxd4 Nc6 17. O-O-O Rad8 18. d5 Na5 19. Bd3 Kd6 $1 $15 {Spielman-Fine/
Zandwoort/1936/}) 9. Qc2 Nxc3 10. bxc3 Be7 11. cxd5 exd5 12. Bd3 h6 (12... g6
$6) 13. Qa4 a6 14. Rb1 Ra7 15. c4 b5 $6 (15... dxc4 16. Qxc4 O-O $14) 16. cxb5
axb5 17. Qxb5 O-O (17... Rxa2 18. Bf5 Qd6) 18. Bc2 Rxa2 (18... Rb8 19. Qd3 $16)
19. Qd3 g6 20. Bd2 Ra3 21. Qe2 Qe6 22. h3 (22. O-O $4 Nxd4) 22... h5 $6 (22...
Re8 23. Qg4 $14) 23. g4 $1 Ra2 24. Bc3 Rb8 25. Rxb8+ Nxb8 26. Qd3 hxg4 27. Bb3
Ra3 28. Bb2 Ra5 29. hxg4 Qxg4 $6 (29... Na6 30. Bc3 Bb4) 30. Bc3 Qg2 31. Rf1
Ra3 32. Qb5 Nd7 33. Bxd5 $1 Qg4 34. Bb2 Ra6 35. f3 (35. Qxa6 $4 Bb4+ 36. Bc3
Bxc3#) 35... Qg2 36. Qe2 Qg3+ 37. Kd1 Rb6 38. f4 Nf6 39. Bf3 Qh3 40. Rh1 Qe6 $6
41. d5 Qd7 42. Qc2 Rb4 43. Bc3 Rb8 (43... Rc4 $2 44. Bxf6 $1 Rxc2 45. Rh8#) 44.
Ke2 Nh7 45. Kf2 Bf6 $2 46. Rxh7 $3 Bxc3 47. Qxg6+ $1 fxg6 (47... Kf8 48. Qh6+
Ke7 (48... Ke8 49. Rh8+ Bxh8 50. Qxh8+ Ke7 51. Qxb8 $18) 49. Qh5 Rb2+ 50. Be2
$16) 48. Rxd7 Rb2+ 49. Kg3 Bd2 50. e4 Rb8 51. Rxc7 Rf8 52. f5 gxf5 53. e5 Be1+
54. Kh3 Rd8 (54... Rf7 55. d6 Ba5 56. Bd5 Bxc7 57. dxc7 $18) 55. d6 Bb4 56.
Bd5+ Kh8 57. Rc6 Kg7 58. Kg3 Kg6 59. Kf4 Bd2+ 60. Kf3 Bb4 61. Ke3 Kg5 62. Kd4
Rh8 63. Bg2 Kf4 64. Rc4 Rb8 65. Bc6 Kg5 66. Rxb4 $1 Rxb4+ 67. Kc5 Rb8 68. d7 $1
(68. d7 f4 69. Kd6 $18) 1-0

[Event "Pardubice"]
[Site "Pardubice"]
[Date "1993.??.??"]
[Round "8"]
[White "Vyzmanavin, Alexey"]
[Black "Blatny, Pavel"]
[Result "1-0"]
[WhiteElo "2605"]
[BlackElo "2510"]
[Annotator "Ftacnik,L"]
[PlyCount "75"]
[EventDate "1993.07.??"]
[EventType "tourn"]
[EventRounds "9"]
[EventCountry "CZE"]
[EventCategory "14"]
[SourceTitle "CBM 037"]
[Source "ChessBase"]
[SourceDate "1993.12.01"]
[SourceVersion "1"]
[SourceVersionDate "1993.12.01"]
[SourceQuality "1"]

1. d4 Nf6 2. c4 e6 3. Nf3 (3. Nc3 d5 4. cxd5 exd5 5. Bg5 Be7 6. e3 O-O 7. Bd3
Nbd7 8. Nf3 Re8 9. Qc2 Nf8 10. O-O c6 11. Rae1 (11. a3 Bg4 12. Ne5 Bh5 13. f4 (
13. Rae1 N6d7 14. Bxe7 Rxe7 15. Nxd7 Qxd7 16. b4 Qd6 17. Ne2 Bg6 18. Ng3 a5 19.
Bxg6 hxg6 20. Rb1 axb4 21. axb4 b5 22. Rfc1 Re6 23. Ne2 g5 24. h3 $14 {Rausis,
I-Stromer,A/Viernheim (02)/1992/1-0 (41)}) 13... Ng4 14. Bxe7 Qxe7 15. Nxg4
Bxg4 16. Rae1 Rad8 17. f5 f6 18. e4 Qd6 19. exd5 cxd5 20. Rxe8 Rxe8 21. Qb3 Bh5
22. Qxb7 Rb8 23. Qxd5+ Qxd5 24. Nxd5 $16 {Rausis,I-Arbakov,V/Moscow3/1992/1-0 
(29)}) 11... Bg4 12. Ne5 Bh5 13. f4 N6d7 14. Bxe7 Rxe7 15. e4 Qb6 16. Qf2 dxe4
17. Nxe4 Nxe5 18. dxe5 Qxf2+ 19. Nxf2 Rd8 20. Re3 Red7 21. f5 g6 22. e6 Rxd3
23. Nxd3 fxe6 24. fxe6 $18 {Babula,M-Hlavnicka,J/Pardubice op (05)/1992/1-0 
(25)}) 3... d5 4. Nc3 Bb4 5. Bg5 Nbd7 6. cxd5 exd5 7. Rc1 O-O (7... c5 8. a3
Bxc3+ 9. Rxc3 $14) 8. a3 Be7 9. e3 Re8 10. Bd3 Nf8 11. O-O c6 12. Qc2 Bg4 (
12... g6) (12... Be6) 13. Ne5 Bh5 14. f4 N6d7 (14... Ng4 15. Bxe7 Rxe7 16. Rce1
$36) 15. Bxe7 Rxe7 16. Rce1 f6 (16... Nxe5 17. fxe5 Bg6 18. Ne2 $14) 17. Nf3
Bg6 (17... Bf7 18. e4 dxe4 19. Nxe4 Nb6 20. Nc5 Bd5 $13) 18. f5 Bf7 19. Qf2 Qc7
20. Nh4 $1 Rae8 (20... g5 21. fxg6 hxg6 22. e4 $40) 21. g3 Nb6 22. Ng2 Nc8 23.
Nf4 Nd6 24. g4 Qd7 25. h4 h5 $2 (25... h6 $14) 26. gxh5 Nxf5 27. Nfxd5 $1 cxd5
28. Bxf5 Qd6 29. Qf3 Nd7 30. Kh1 Nb6 31. Rg1 Kh8 32. Bg6 (32. Qg4 Bg8 $16)
32... Nc4 33. h6 $1 Bxg6 34. Rxg6 Rxe3 35. Rxe3 Rxe3 36. hxg7+ Kg8 37. Qxd5+
Qe6 38. Qxe6+ (38. Qxe6+ Rxe6 39. Nd5 $18) 1-0

[Event "Interzonal-16"]
[Site "Biel"]
[Date "1993.??.??"]
[Round "6"]
[White "Dreev, Alexey"]
[Black "Lautier, Joel"]
[Result "1/2-1/2"]
[WhiteElo "2570"]
[BlackElo "2620"]
[Annotator "Ftacnik,L"]
[PlyCount "105"]
[EventDate "1993.07.16"]
[EventType "swiss"]
[EventRounds "13"]
[EventCountry "SUI"]
[SourceTitle "CBM 037"]
[Source "ChessBase"]
[SourceDate "1993.12.01"]
[SourceVersion "1"]
[SourceVersionDate "1993.12.01"]
[SourceQuality "1"]

1. d4 d5 2. c4 e6 3. Nf3 Nf6 4. Nc3 Bb4 5. cxd5 exd5 6. Bg5 Nbd7 7. Qc2 c5 8.
a3 $5 (8. dxc5) 8... Bxc3+ (8... Qa5 9. Bd2 c4 $5) 9. Qxc3 c4 (9... h6) 10. Nd2
$1 (10. b3 b5 {/\} 11. a4 $6 b4 12. Qxb4 Rb8) 10... O-O 11. b3 (11. e3 $5 {/\}
b5 $6 12. a4) 11... cxb3 12. Qxb3 {><d5} b6 (12... Qb6 $5) 13. e3 Bb7 14. Bb5
Rc8 $1 15. O-O $6 (15. Bxd7 Qxd7 16. Bxf6 gxf6 17. O-O Qc6 $13) (15. Bf4 $1 $16
) 15... Qc7 16. Qb4 Qc3 17. Rfb1 a6 18. Bf1 (18. Be2 Qxb4 {/\ Rc2}) 18... Qxb4
19. axb4 Rc2 20. Nf3 (20. Rd1 Rfc8 (20... Rxd2 $2 21. Rxd2 Ne4 22. Rc2 Nxg5 23.
Rc7 $18) 21. f3 Rb2) (20. Bxf6 $1 Rxd2 (20... Nxf6 21. Nf3 {/\} b5 22. Ne1 $16)
21. Bg5 $14) 20... Ne4 21. Bh4 Rfc8 $1 22. Ne1 R2c3 23. Bxa6 Bxa6 24. Rxa6 g5
25. Bg3 (25. f3 gxh4 26. fxe4 dxe4 $17) 25... h5 26. Ra7 Nf8 27. h4 (27. Rb7 $2
h4 28. Bb8 Nd2 29. Rd1 Rc1 $19) 27... Nxg3 28. fxg3 gxh4 (28... g4 $6 29. Re7 (
29. Kf2 Nh7) 29... Ng6 30. Rd7 Rxe3 31. Kf2) 29. gxh4 Rxe3 30. Nf3 Rc2 31. Rf1
f6 (31... Ree2 32. Ne1 $1) 32. Rb7 Ree2 33. Ne1 Rc1 34. Nd3 Rxf1+ 35. Kxf1 Re4
36. Rxb6 (36. g3 $1 {/\} Rxd4 37. Nf4 $16) 36... Rxd4 37. Ke2 Nd7 $1 (37...
Rxh4 38. Rxf6 $16) 38. Rb7 (38. Rd6 Ne5) 38... Ne5 $10 39. Nc5 Rxh4 40. b5 Rc4
41. Nd7 Nxd7 42. Rxd7 Rb4 43. Rxd5 h4 44. Kd3 Kf7 45. Kc3 Rb1 46. Kc4 Kg6 47.
Rd2 Kg5 48. Kc5 Kf4 49. Rd8 Rc1+ 50. Kd6 Rb1 51. Kc6 Rc1+ 52. Kb7 Rg1 53. Rh8
1/2-1/2

[Event "Las Palmas3"]
[Site "Las Palmas"]
[Date "1993.??.??"]
[Round "4"]
[White "Krasenkow, Michal"]
[Black "Garcia Ilundain, David"]
[Result "1-0"]
[WhiteElo "2595"]
[BlackElo "2480"]
[Annotator "Ftacnik,L"]
[PlyCount "85"]
[EventDate "1993.12.??"]
[EventType "tourn"]
[EventRounds "9"]
[EventCountry "ESP"]
[EventCategory "13"]
[SourceTitle "CBM 040"]
[Source "ChessBase"]
[SourceDate "1994.06.01"]
[SourceVersion "1"]
[SourceVersionDate "1994.06.01"]
[SourceQuality "1"]

1. Nf3 {Krasenkov} Nf6 2. c4 e6 3. Nc3 d5 4. d4 Bb4 5. Bg5 Nbd7 6. cxd5 exd5 7.
Qc2 h6 8. Bh4 c5 9. e3 c4 10. Be2 Qa5 11. Nd2 $1 (11. O-O Bxc3 12. bxc3 Ne4 13.
Rfc1 Nb6 14. a4 Bf5 15. Qb2 O-O 16. Bd1 $14 {Kramnik,V-Lautier,J/Cannes m-2/
1993/}) 11... O-O 12. Bf3 $1 {xd5} Bxc3 13. bxc3 (13. Qxc3 $5 Qxc3 14. bxc3 $14
) 13... Qa3 $1 14. O-O b5 15. Rfb1 (15. e4 $5 Nxe4 16. Nxe4 dxe4 17. Bxe4 Rb8
18. Bg3 Rb6 19. Rfe1 $14) 15... a6 16. Rb4 Ra7 (16... Bb7 $2 17. Nxc4 dxc4 18.
Bxb7 $16) 17. Nb1 Qa5 18. a4 g5 $6 (18... Nb6 $142 19. Bxf6 gxf6 $14) 19. Bg3
Nb6 20. Be5 Nfd7 21. Bd6 Re8 (21... Rd8 22. Rb2 $1 Nxa4 23. Bxd5 Nf8 24. Bb8
$16) 22. Ra2 Nxa4 $2 (22... bxa4 23. Nd2 Re6 24. Bg3 $14) 23. Bxd5 Kg7 (23...
Nf8 24. Bxf8 Kxf8 25. Qh7 $18) 24. Bxf7 $1 Kxf7 25. Qh7+ Ke6 (25... Kf6 26.
Qxh6+ Kf7 27. Qh5+ Ke6 28. Qxe8+ Kxd6 29. Qxc8 $18) 26. Qg6+ Nf6 27. Be5 Rf8 (
27... Qd8 28. Bxf6 Rg8 29. d5+ Kd6 30. Qxh6 Qe8 31. Bxg5+ Rg6 32. Qh4 $18) 28.
Bxf6 Rxf6 29. Qe4+ Kf7 30. Qh7+ Kf8 31. Qxa7 Rf7 (31... Qb6 32. Qh7 $18) 32.
Qa8 Qd8 33. Raxa4 bxa4 34. Rxc4 Rc7 35. Na3 (35. Rxa4 $5) 35... Qd6 36. h4 $5 (
36. h3 {+- Krasenkov} Rxc4 37. Nxc4 Qc7 38. Qd5 $18) 36... Rxc4 37. Nxc4 Qc7
38. Qd5 Bb7 $6 (38... gxh4 {Krasenkov} 39. Nd6 Ke7 $1 $132) 39. Qf5+ Kg7 40.
Ne5 a3 41. Qg6+ Kf8 42. Qxh6+ Kg8 (42... Qg7 43. Qd6+ Kg8 44. hxg5 $18) 43.
Qe6+ (43. Qe6+ Kg7 44. hxg5 $18) 1-0